000 00980 a2200157 4500
003 NUST
005 20221027132957.0
040 _cNust
082 _a500,MOD
245 _aModern science :
_bIllustrated,an up-to-date illustrated course in physics,chemistry,biology astronomy and geology
260 _aLondon
_bOdhams Press ltd
300 _a447 P.:
505 _aWork And Energy (Page-11), Electricity (Page-53), Light (Page-85), Sound (Page-99), Atomic Physics (Page-105), What Is Chemistry (Page-131), The Important Elements (Page-151), Energy, Life And Food (Page-193), Creative Chemistry (Page-227), The Living World (Page-247), The Physiology Of Organisms (Page-261), The Continuity Of Life (Page-287), Evolution And Genetics (Page-299), The Biology Of Man (Page-321), Starts And Planets (Page-337), The Earth And Other Worlds (Page-363), Visitors From Space (Page-389), The Story Of The Rocks (Page-417).
650 _aModern Science
_9101517
942 _2ddc
_cBK
_k500,MOD
999 _c179724
_d179724